Normal view
MARC view
- Nakamura, Shoichiro
Entry Personal Name
001 - CONTROL NUMBER
- control field: 103474
003 - CONTROL NUMBER IDENTIFIER
- control field: NUST
005 - DATE AND TIME OF LATEST TRANSACTION
- control field: 20221124111008.0
008 - FIXED-LENGTH DATA ELEMENTS
- fixed length control field: 221124|| aca||aabn | a|a d
040 ## - CATALOGING SOURCE
- Original cataloging agency: NUST
- Transcribing agency: NUST
100 ## - HEADING--PERSONAL NAME
- Personal name: Nakamura, Shoichiro
670 ## - SOURCE DATA FOUND
- Source citation: Work cat.: (NUST)181260: Nakamura, Shoichiro,, Numerical analysis and graphic visualization with MATLAB / , c1996.
